Round about the North Pole. With woodcuts and other illustrations by Edward Whymper
Guardat en:
| Autor principal: | |
|---|---|
| Format: | Llibre |
| Idioma: | anglès |
| Publicat: |
Londres
John Murray
1907
|
| Edició: | 1a. ed |
| Matèries: | |
| Etiquetes: |
Afegir etiqueta
Sense etiquetes, Sigues el primer a etiquetar aquest registre!
|
MARC
| LEADER | 00000nam a2200000 a 4500 | ||
|---|---|---|---|
| 001 | UCJ5552 | ||
| 003 | CL-VaPUC | ||
| 005 | 20250227100128.0 | ||
| 008 | 070124e19070000UK |||||||||||||||||eng|d | ||
| 999 | |c 321661 |d 321659 | ||
| 040 | |c Pontificia Universidad Católica de Valparaíso | ||
| 082 | 0 | 4 | |a 910.4 |b GOR |2 21 |
| 100 | 0 | |a Gordon, W. J. |e author |9 510827 | |
| 245 | 1 | 0 | |a Round about the North Pole. With woodcuts and other illustrations by Edward Whymper |
| 250 | |a 1a. ed | ||
| 260 | |a Londres |b John Murray |c 1907 | ||
| 300 | |a xii, 294 p | ||
| 500 | |a Mapas e ilustraciones según índice | ||
| 583 | |a last modification |c 20070124 00:00:00 |k Rodrigo Vera | ||
| 600 | 0 | 7 | |a HAYES, I.I. |2 CL-VaPUC |9 510828 |
| 600 | 0 | 7 | |a KALUTUNAH |2 CL-VaPUC |9 510829 |
| 600 | 0 | 7 | |a KANE, E.K. |2 CL-VaPUC |9 510830 |
| 600 | 0 | 7 | |a FROBISHER, MARTIN |2 CL-VaPUC |9 510658 |
| 600 | 0 | 7 | |a FRANKLIN, JOHN |2 CL-VaPUC |9 510831 |
| 600 | 0 | |a Nordenskiöld, A. E. |q (Adolf Erik), |d 1832-1901 |9 510667 | |
| 600 | 0 | 7 | |a Nansen, Fridtjof, |d 1861-1930 |9 872187 |
| 600 | 0 | 7 | |a RICHARDSON, JOHN |2 CL-VaPUC |9 510832 |
| 600 | 0 | 7 | |a Parry, William Edward |d 1790-1855 |9 880774 |
| 600 | 0 | 7 | |a BARROW, JOHN |2 CL-VaPUC |9 510833 |
| 600 | 0 | |a Nares, George S., |d 1831-1915 |9 509276 | |
| 600 | 0 | 7 | |a EGEDE, PAUL |2 CL-VaPUC |9 510834 |
| 600 | 0 | 7 | |a Peary, Robert Edwin |d 1856-1920 |9 881134 |
| 650 | 0 | |a Viajes |9 257115 | |
| 650 | 0 | |a Expediciones científicas |9 265222 | |
| 650 | 0 | |a Geografía |9 259346 | |
| 650 | 0 | |a Arquitectura naval |9 261969 | |
| 650 | 0 | |a Descubrimientos geográficos |9 331933 | |
| 650 | 7 | |a ESQUIMALES |2 CL-VaPUC |9 441373 | |
| 650 | 7 | |a BALLENEROS |2 CL-VaPUC |9 504565 | |
| 650 | 0 | |a Mapas |9 260844 | |
| 650 | 0 | |a Ilustraciones |9 369481 | |
| 650 | 0 | |a Naufragios |9 317857 | |
| 651 | 7 | |a REGION ARTICA |2 CL-VaPUC |9 366377 | |
| 651 | 7 | |a GROENLANDIA |2 CL-VaPUC |9 393402 | |
| 651 | 7 | |a NUEVA ZEMBLA |2 CL-VaPUC |9 509640 | |
| 942 | |c BK |2 ddc | ||
| 945 | |d 20070124 00:00:00 |a rinostro | ||
| 952 | |0 0 |1 0 |4 0 |6 910_400000000000000_GOR_1907 |7 0 |8 X |9 400462 |a FDOBUD |b FDOBUD |d 2019-11-22 |i 1036157 |o 910.4 GOR 1907 |p 1036157 |r 2019-11-22 |w 2019-11-22 |y BK_X |k BUD | ||